The committee to whom was referred the letter of Governor Henry, report.- : That it appears to your committee that the Indian tribes therein referred to, were invited to the treaty which was held at the mouth of the Great Miami by the commissioners of the United States, but failed either to attend thereat, or to take any notice ...

Bibliographic Details
Corporate Author: United States. Continental Congress
Format: eBook
Language:English
Series:Early American imprints. Evans (1639-1800) ; no. 44994.
Subjects:
Online Access:Evans Digital Edition

MARC

Tag First Indicator Second Indicator Subfields
LEADER 00000cam a22000001a 4500
001 in00002176021
006 m e d #
007 cr mn mmmmabba
008 871016s1786 pau s f000 0 eng d
005 20260330215521.2
035 |z w030438 
035 |a MAAR8710161702B 
035 |9 mwa91-17851 
035 |a 347557 
035 |a aas03030438 
040 |a MWA  |c MWA  |e bdrb  |d UtOrBLW 
110 1 |a United States.  |b Continental Congress. 
245 1 4 |a The committee to whom was referred the letter of Governor Henry, report.- :  |b That it appears to your committee that the Indian tribes therein referred to, were invited to the treaty which was held at the mouth of the Great Miami by the commissioners of the United States, but failed either to attend thereat, or to take any notice ... 
264 3 |a [Philadelphia] :  |b [Printed by John Dunlap],  |c [1786] 
300 |a 1 sheet (1 unnumbered page) ;  |c 33 x 21 cm. 
336 |a text  |b txt  |2 rdacontent 
337 |a computer  |b c  |2 rdamedia 
338 |a online resource  |b cr  |2 rdacarrier 
500 |a Report given June 6, 1786. 
500 |a Imprint supplied by Bristol. 
510 4 |a Bristol  |c B6398 
510 4 |a Shipton & Mooney  |c 44994 
530 |a Microform version available in the Readex Early American Imprints series. 
533 |a Electronic text and image data.  |b [Chester, Vt. :  |c Readex, a division of Newsbank, Inc.,  |d 2002-2004.  |e Includes files in TIFF, GIF and PDF formats with inclusion of keyword searchable text.  |f (Early American imprints. First series ; no. 44994). 
500 |a Electronic resource. 
650 0 |a Indians of North America  |z Northwest, Old  |v Treaties. 
650 0 |a Indians of North America  |z Northwest, Old  |x Government relations. 
651 0 |a Northwest, Old  |x History  |y 1775-1865. 
655 7 |a Broadsides.  |2 rbgenr 
752 |a United States  |b Pennsylvania  |d Philadelphia. 
830 0 |a Early American imprints.  |n Series I,  |p Evans (1639-1800) ;  |v no. 44994. 
856 4 1 |u http://proxy.library.tamu.edu/login?url=https://opac.newsbank.com/select/evans/44994  |y Evans Digital Edition  |t 0 
999 |a MARS 
999 f f |s 614cd47c-3935-3ebc-9ccd-bf1cd1af20ab  |i 500ec9fb-3d61-301e-8c46-04df7147a827  |t 0 
952 f f |a Texas A&M University  |b College Station  |c Electronic Resources  |s www_evans  |d Available Online  |t 0  |h No information provided 
998 f f |t 0  |l Available Online